| 000 | 00597cab a2200205 4500 | ||
|---|---|---|---|
| 001 | ABS41001 | ||
| 008 | 090401t1989 xxu||||| |||| 00| 0 eng d | ||
| 035 | _a(Sirsi) u27424 | ||
| 041 | _aeng | ||
| 100 | _aPearcey, O. | ||
| 245 | 4 | _aThe water heritage | |
| 260 | _c1989 | ||
| 350 | _a0 | ||
| 490 |
_aEnglish Heritage Conservation Bulletin _v(8) June 1989 |
||
| 520 | _aDiscusses how privatisation of the water industry could affect conservation of their historic buildings and plant . | ||
| 690 | _aPLANNING LAW AND PRACTICE | ||
| 700 | _aWhite, P. | ||
| 942 | _n0 | ||
| 948 | _c04/03/1997 | ||
| 999 |
_c18455 _d18455 |
||